| 000 | 00789nam a2200253 i 4500 | ||
|---|---|---|---|
| 001 | bg | ||
| 100 | 1 |
_aJaworski, Władysław Leopold _d(1929-). |
|
| 245 | 1 | 0 |
_aBankowość : _bpodstawowe założenia / _cWładysław Leopold Jaworski. |
| 250 | _aWyd. 3 zaktualiz. i rozsz. | ||
| 260 |
_aWarszawa : _b"Poltext", _c1995. |
||
| 300 |
_a220, [1] s. : _bwykr. ; _c21 cm. |
||
| 490 | 1 | _aStudia Finansowo-Bankowe / Szkoła Główna Handlowa | |
| 504 | _aBibliogr. s. 219-[221]. | ||
| 650 | 9 | _aBanki | |
| 655 | _aPodręczniki akademickie | ||
| 830 | 0 | _aStudia Finansowo-Bankowe (Szkoła Główna Handlowa) | |
| 020 | _a8385366059 | ||
| 040 | _cBPK | ||
| 041 | 0 | _apol | |
| 080 | _a336.71(075.8) | ||
| 920 | _a83-85366-05-9 | ||
| 942 | _cKS | ||
| 008 | s pl f |000 0 pol | ||
| 999 |
_c30934 _d30934 |
||
| 856 |
_uhttp://koha.tu.koszalin.pl/cgi-bin/koha/opac-detail.pl?biblionumber=30934 _yKatalog online BPK |
||